E23(東名阪道・伊勢道)のIC - Statistics

General Stats
  • This quiz has been taken 93 times
    92 since last reset
  • The average score is 25 of 32
Answer Stats
東名阪道 % Correct
JCT 四日市
99%
IC 四日市
99%
IC 桑名
97%
IC 鈴鹿
97%
JCT 亀山
96%
PA/SIC 亀山
96%
IC 亀山
96%
IC 伊勢
94%
IC 松阪
91%
IC 弥富
90%
IC 長島
88%
IC
87%
JCT 名古屋西
84%
IC 名古屋西
84%
IC 蟹江
81%
SA 御在所
79%
IC 四日市東
78%
SA 安濃
78%
IC 桑名東
76%
IC 久居
74%
JCT 勢和多気
74%
IC 勢和多気
74%
PA 多気
72%
PA 大山田
69%
IC 伊勢関
69%
IC 伊勢関
69%
IC 玉城
65%
IC 伊勢西
65%
IC 芸濃
63%
PA 嬉野
62%
IC 一志嬉野
56%
SIC 多気ヴィソン
50%
No matching quizzes found
Score Distribution
Percent of People with Each Score
Percentile by Number Answered
Your Score History
You have not taken this quiz since the last reset